Pars prima theologiae pastoralis in qua praemissa brevi sacramentis tractatione resoluti proponuntur casus morales etiam implicatissimi qui in articulis mortis evenire solent / auctore Josepho Alberti s. theol. et utr. juris doctore in re philosophica et litteraria diplomatibus aucto Rom. Academ. liturgicae socio, examinat. pro-synodali canonico theologo prof. theol. dogm. et moral. in Ven. Sem. Aquipendiensi

Detalles Bibliográficos
Autor principal: Alberti, Giuseppe
Formato: Libro
Lenguaje:Latin
Publicado: Romae : ex officina typographica artificium a S. Joseph, 1901.
Edición:Editio tertia accuratior et aucta
Materias:
Colección:Banco de datos
Acervo:Seminario Conciliar de Nuestra Señora de Guadalupe Querétaro. Qro.. Biblioteca Florencio Rosas. Fondo Histórico
Descripción Física:108 p., [1] h. ; 22 cm.
Tema general:Teología pastoral
Notas:Texto con signaturas y notas a pie de página. Encuadernación holandesa. Daños en la encuadernación, portada semidesprendida
LEADER 01179nam a22002050004500
035 |a 3997 
041 0 |a lat 
100 1 |a Alberti, Giuseppe 
245 1 0 |a Pars prima theologiae pastoralis in qua praemissa brevi sacramentis tractatione resoluti proponuntur casus morales etiam implicatissimi qui in articulis mortis evenire solent / auctore Josepho Alberti s. theol. et utr. juris doctore in re philosophica et litteraria diplomatibus aucto Rom. Academ. liturgicae socio, examinat. pro-synodali canonico theologo prof. theol. dogm. et moral. in Ven. Sem. Aquipendiensi 
250 |a Editio tertia accuratior et aucta 
260 |a Romae : ex officina typographica artificium a S. Joseph, 1901.  
300 |a 108 p., [1] h. ; 22 cm.  
500 |a Texto con signaturas y notas a pie de página. Encuadernación holandesa. Daños en la encuadernación, portada semidesprendida 
501 |a 1 obra 
504 |a Incluye índice de contenido 
650 1 0 |a Teología pastoral  
949 |a Fondo Histórico: 10201-A 
942 |c Q.R.H.T 
943 |g Seminario Conciliar de Nuestra Señora de Guadalupe Querétaro. Qro.. Biblioteca Florencio Rosas. Fondo Histórico 
999 |c 1085452  |d 1085452